000 00922nam a22002537a 4500
003 BUBTL
008 211130b ||||| |||| 00| 0 eng d
020 _a9789352861880
082 _a658.18/ D2281i/ 2018
100 _93803
_aDaniels, John D.
245 _aInternational Business :
_bEnvironments & Operations /
_cJohn D. Daniels, Lee H. Radebaugh, Daniel P. Sullivan, Prashant Salwan
250 _a16th Edn.
260 _aIndia:
_bPearson,
_cc2018
300 _axlvii, 664 p.:
_bill.;
_c28 cm.
500 _aIncludes Index
505 _aInternational Business, Environments, Operations, John D. Daniels, Lee H. Radebaugh, Daniel P. Sullivan, Prashant Salwan
650 0 _961
_aBusiness
700 _94411
_aRadebaugh, Lee H.
700 _94412
_aSullivan, Daniel P.
700 _92488
_aSalwan, Prashant
856 _k0
_l0
_yDownload
942 _2ddc
_cBK
999 _c6585
_d6585